| 000 | 01012cab a2200265 4500 | ||
|---|---|---|---|
| 001 | ABS46493 | ||
| 008 | 090401t1992 xxu||||| |||| 00| 0 eng d | ||
| 035 | _a(Sirsi) u58536 | ||
| 041 | _aeng | ||
| 100 | _aPunter, J.V. | ||
| 245 | _aDesign control and the regeneration of docklands: the example of Bristol | ||
| 260 | _c1992 | ||
| 350 | _a0 | ||
| 490 |
_aJournal of Property Research _v9(1) Spring 1992 49-78(16) |
||
| 520 | _aReports in detail on the redevelopment of Bristol`s docks, an example of local authority planning in a field of activity dominated by urban development corporations. Lessons from the council`s approach are drawn, recognising the value of forward planning, urban design policies, patience, and land ownership, | ||
| 650 | _aBRISTOL | ||
| 650 | _aDOCKLAND REDEVELOPMENT | ||
| 650 | _aPLANNING CONTROL | ||
| 650 | _aPLANNING POLICY | ||
| 650 | _aWATERFRONTS | ||
| 690 | _aPROPERTY-PROPERTY DEVELOPMENT | ||
| 690 | _aURBAN RENEWAL | ||
| 942 | _n0 | ||
| 948 | _c04/03/1997 | ||
| 999 |
_c35760 _d35760 |
||